|
|
|
|
| LEADER |
00000nam0a2200000 4500 |
| 001 |
136370 |
| 005 |
20231101220619.0 |
| 035 |
|
|
|a (RuTPU)RU\TPU\book\147800
|
| 090 |
|
|
|a 136370
|
| 100 |
|
|
|a 20080422d1979 km y0rusy50 ca
|
| 101 |
0 |
|
|a rus
|
| 102 |
|
|
|a UZ
|
| 105 |
|
|
|a a z 001zy
|
| 200 |
1 |
|
|a Исследование адсорбционных процессов и адсорбентов
|f Академия наук СССР ; Академия наук Узбекской ССР, Институт химии ; под ред. М. М. Дубинина
|
| 210 |
|
|
|a Ташкент
|c Фан
|d 1979
|
| 215 |
|
|
|a 313 с.
|c ил.
|
| 320 |
|
|
|9 572
|a Библиогр. в конце ст.
|
| 320 |
|
|
|9 572
|a Указ. имен: с. 310-311
|
| 606 |
1 |
|
|a Адсорбция
|x Химическая технология
|x Математическое моделирование
|2 stltpush
|3 (RuTPU)RU\TPU\subj\38122
|9 58798
|
| 610 |
1 |
|
|a адсорбционные процессы
|
| 610 |
1 |
|
|a адсорбенты
|
| 610 |
1 |
|
|a теория
|
| 610 |
1 |
|
|a природные сорбенты
|
| 610 |
1 |
|
|a применение
|
| 610 |
1 |
|
|a адсорбционное равновесие
|
| 610 |
1 |
|
|a цеолитные катализаторы
|
| 610 |
1 |
|
|a адсорбционное разделение
|
| 675 |
|
|
|a 66.01.3
|v 3
|
| 702 |
|
1 |
|a Дубинин
|b М. М.
|4 340
|
| 712 |
0 |
2 |
|a Академия наук СССР
|c (Ленинград/Москва)
|c (1925-1991)
|2 stltpush
|3 (RuTPU)RU\TPU\col\722
|9 23473
|
| 712 |
0 |
2 |
|a Академия наук Узбекской ССР
|b Институт химии
|2 stltpush
|3 (RuTPU)RU\TPU\col\8034
|9 24460
|
| 801 |
|
1 |
|a RU
|b 63413507
|c 20080422
|g PSBO
|
| 801 |
|
2 |
|a RU
|b 63413507
|c 20210413
|g PSBO
|
| 942 |
|
|
|c BK
|